| 000 | 00496cam a2200205ua 4500 | ||
|---|---|---|---|
| 041 |
_aeng _h |
||
| 082 |
_a823.308 _bSTE/KI |
||
| 100 | _aStevenson, Robet Louis. | ||
| 245 |
_aKidnapped / _cRobert Louis Stevenson. _hTextual Documents |
||
| 250 |
_a / _b. |
||
| 260 |
_aLondon : _bJ M Dent and sons ltd , _c1965. |
||
| 300 | _a86 ; . | ||
| 504 | _a | ||
| 942 | _cBK | ||
| 999 |
_c2605 _d2605 |
||